| 000 | 00829cab a2200265 4500 | ||
|---|---|---|---|
| 001 | WB3508-15 | ||
| 008 | 090401t1999 xxu||||| |||| 00| 0 eng d | ||
| 035 | _a(Sirsi) u91533 | ||
| 041 | _aeng | ||
| 245 | _aProtesters buy shares in developers | ||
| 260 | _c1999 | ||
| 350 | _a0 | ||
| 490 |
_aIndependent on Sunday _v21 February 1999, 13(1) |
||
| 520 | _aA group of militant environmental protesters have bought shares in a property development company in an attempt to prevent them from building on green belt land. | ||
| 650 | _aCOUNTRYSIDE | ||
| 650 | _aENVIRONMENTAL PROTESTERS | ||
| 650 | _aGREEN BELT | ||
| 650 | _aNEW HOMES | ||
| 650 | _aPERSIMMON HOMES | ||
| 650 | _aPROPERTY DEVELOPERS | ||
| 650 | _aRURAL HOUSING | ||
| 690 | _aENVIRONMENTAL AND LAND CONSULTANCY | ||
| 942 | _n0 | ||
| 948 | _c23/02/1999 | ||
| 999 |
_c58109 _d58109 |
||